000 01336nam a2200325Ia 4500
001 ebr10159533
003 CaPaEBR
006 m u
007 cr cn|||||||||
008 980807s1999 mnua s 000 0aeng d
010 _z 98040076
020 _z9780816642496
020 _z1570251401 (pbk.)
040 _aCaPaEBR
_cCaPaEBR
035 _a(OCoLC)191818179
050 1 4 _aR483.S55
_bA3 1999eb
082 0 4 _a610/.92
_aB
_221
100 1 _aSmith, Linnea.
245 1 3 _aLa doctora
_h[electronic resource] :
_bthe journal of an American doctor practicing medicine on the Amazon River /
_cLinnea Smith.
260 _aDuluth, Minn. :
_bPfeifer-Hamilton Publishers,
_cc1999.
300 _aix, 238 p. :
_bill.
533 _aElectronic reproduction.
_bPalo Alto, Calif. :
_cebrary,
_d2009.
_nAvailable via World Wide Web.
_nAccess may be limited to ebrary affiliated libraries.
600 1 0 _aSmith, Linnea.
650 0 _aPhysicians
_zAmazon River Region
_vBiography.
650 0 _aTropical medicine
_zAmazon River Region
_vAnecdotes.
650 0 _aIndians of South America
_xMedical care
_zAmazon River Region
_vAnecdotes.
655 7 _aElectronic books.
_2local
710 2 _aebrary, Inc.
856 4 0 _uhttp://site.ebrary.com/lib/rucke/Doc?id=10159533
_zAn electronic book accessible through the World Wide Web; click to view
999 _c244757
_d244757